[Event "39 Open Sevilla 2014"]
[Site "Sevilla (SPAIN)"]
[Date "2014.01.16"]
[Round "7.5"]
[White "DUCARMON, Quinten"]
[Black "VALENTI, Giuseppe"]
[Result "1-0"]
[WhiteElo "2456"]
[BlackElo "2172"]
[Annotator "Montecatine,R"]
[PlyCount "77"]
[EventDate "2014.01.10"]

{No jugó muy fino Valenti. Comete varias imprecisiones que van empeorando su
posición.} 1. e4 c5 2. Nf3 e6 3. d4 cxd4 4. Nxd4 a6 5. Be2 Qc7 6. O-O Nf6 7.
Nc3 d6 8. f4 Nc6 9. Be3 Be7 10. Kh1 O-O 11. Qe1 d5 12. e5 Ne4 13. Nxe4 dxe4 14.
c3 g6 $6 (14... Nxd4 15. Bxd4 Bd7 16. Qf2 $14) 15. Nb3 $16 b5 16. Qb1 (16. Qf2)
16... Bb7 17. Qxe4 Na5 18. Qc2 Nc4 19. Bd4 f6 (19... Rfd8 20. Bf3 Rac8 $14) 20.
Bg4 Bd5 (20... f5 21. Bf3 Rfd8 $16) 21. Qe2 Qc6 22. exf6 Bxf6 23. Bf3 Rae8 24.
Bxf6 Rxf6 25. Nd4 Qd7 26. b3 Nb6 27. g3 Qc7 28. Bxd5 Nxd5 29. c4 bxc4 30. bxc4
Nb6 31. Nf3 {Diagrama #} (31. Rac1) 31... Nxc4 $2 (31... e5 32. Rac1 (32. fxe5
Nd7 33. Rae1 Nxe5 34. Nxe5 Rxf1+ 35. Rxf1 Qxe5 36. Qxe5 Rxe5 37. Kg2 $16) 32...
Rc6 33. c5 Rxc5 34. Rxc5 Qxc5 35. Nxe5 $16) 32. Rac1 $18 Rc8 33. Ne5 (33. Rc3
$18) 33... Qb7+ 34. Qf3 Qxf3+ $2 (34... Qd5) 35. Rxf3 $18 Nd6 36. Rxc8+ Nxc8
37. Ra3 g5 38. Rxa6 gxf4 39. Ra8 1-0

[Event "39 Open Sevilla 2014"]
[Site "Sevilla (SPAIN)"]
[Date "2014.01.16"]
[Round "7.6"]
[White "DIAZ CASTRO, Sergio"]
[Black "VAN DER WEIDE, Karel"]
[Result "1/2-1/2"]
[WhiteElo "2256"]
[BlackElo "2449"]
[Annotator "Montecatine,R"]
[PlyCount "36"]
[EventDate "2014.01.10"]

1. e4 c5 2. c3 Nf6 3. e5 Nd5 4. d4 cxd4 5. cxd4 e6 6. Nc3 Nxc3 7. bxc3 Qc7 8.
Bd2 b6 9. Nf3 Bb7 10. Bd3 d6 11. O-O Nd7 12. Ng5 dxe5 13. Qh5 g6 14. Qh3 Be7 (
14... exd4 15. Rfe1 Be7 16. Nxf7 O-O 17. Nh6+ Kg7 18. cxd4 $16) 15. Qh6 (15. f4
e4 16. Nxe4 f5 17. Ng5 Bxg5 18. fxg5 O-O 19. Bf4 Qxc3 20. Bxf5 Qxh3 21. Bxh3
Bd5 22. Rae1 Rfe8 23. Rf2 Rac8 24. Rfe2 Rc6 25. g3 b5 26. Bg2 Nb6 27. Re5 Kf7
28. h4 Bxg2 29. Kxg2 Nd5 30. Rf1 Rc2+ 31. Kh3 Rxa2 32. Ree1 a5 33. Bd6+ Kg8 34.
Rf3 Rc2 35. Ref1 Rcc8 36. h5 gxh5 37. Kh4 Rcd8 38. Bc5 Ne7 39. Kxh5 Nf5 40. g4
Nxd4 41. Rf7 e5 42. g6 hxg6+ 43. Kh6 Ne6 44. R1f6 Rd3 45. Be7 Rd7 46. g5 Rexe7
47. Rxe7 Rxe7 48. Rxe6 Kf8 49. Rxg6 e4 50. Rb6 e3 51. g6 Re8 52. Rb7 Re6 53.
Kh7 Rxg6 54. Kxg6 e2 55. Rb8+ Ke7 56. Rb7+ Kd6 57. Rb6+ Kd5 58. Rxb5+ Kd4 59.
Rb1 a4 60. Kf5 Ke3 61. Ra1 Kd2 62. Ke4 e1=Q+ 63. Rxe1 Kxe1 64. Kd3 {
1/2-1/2 Mellado Trivino -Eslon, Zaragoza 1998}) 15... Bf8 16. Qh3 Be7 17. Qh6
Bf8 18. Qh3 Be7 {Diagrama #} 1/2-1/2

[Event "39 Open Sevilla 2014"]
[Site "Sevilla (SPAIN)"]
[Date "2014.01.16"]
[Round "7.14"]
[White "BERMUDES BARRERA, Eduardo"]
[Black "SEVERIJNEN, Arjon"]
[Result "0-1"]
[WhiteElo "2069"]
[BlackElo "2147"]
[Annotator "Montecatine,R"]
[PlyCount "52"]
[EventDate "2014.01.10"]

{Tres errores seguidos decidieron la lucha. Ganó el que hizo el penúltimo} 1.
d4 d5 2. Bg5 h6 3. Bh4 c5 4. c3 Qb6 5. Qd2 Nc6 6. e3 Bf5 7. dxc5 Qxc5 8. Bd3
Bxd3 9. Qxd3 e5 $15 10. Nd2 Be7 11. Bxe7 Ngxe7 12. Ne2 O-O 13. g4 $2 Rfd8 (
13... e4 14. Qb1 Ne5 $19) 14. Ng3 Qb6 15. O-O-O Rac8 16. Kb1 a5 17. h4 (17. f4)
17... a4 $17 18. a3 d4 19. exd4 (19. Nge4) 19... exd4 20. c4 Ng6 (20... Ne5 $17
) 21. Qf5 Na5 {Diagrama #} 22. g5 $2 (22. Qb5) 22... hxg5 $2 (22... Rc5 23. Qc2
Ne5 $19) 23. h5 $2 (23. hxg5 $14) 23... Rc5 $19 24. Qc2 Ne5 25. Qxa4 Naxc4 26.
b4 Ra5 0-1

[Event "39 Open Sevilla 2014"]
[Site "Sevilla (SPAIN)"]
[Date "2014.01.16"]
[Round "7.18"]
[White "PRETO, Daniel Filipe Rodri"]
[Black "SILVA LUCENA, Cristian"]
[Result "1-0"]
[WhiteElo "2004"]
[BlackElo "2126"]
[Annotator "Montecatine,R"]
[PlyCount "65"]
[EventDate "2014.01.10"]

{Varias jugadas débiles del negro le llevaron a una posición perdida} 1. c4 Nf6
2. Nc3 g6 3. g3 Bg7 4. Bg2 O-O 5. Nf3 d6 6. O-O Nc6 7. d4 a6 8. Bg5 h6 9. Bf4
Nh5 10. Be3 Rb8 11. Qd2 Kh7 12. Rac1 f5 13. d5 Ne5 14. Nxe5 dxe5 15. Ba7 Ra8
16. Bc5 f4 17. Ba3 Bf5 18. c5 Qd7 19. Rfd1 {Diagrama #} Bh3 $6 (19... Rae8) 20.
c6 $16 bxc6 21. dxc6 Qc8 $2 (21... Qf5 22. Bxh3 Qxh3 23. Bxe7 $16) 22. Bxe7 $18
Rf7 23. Bxh3 Qxh3 24. Qd7 Rf5 25. Ne4 Rb8 26. Nf6+ Nxf6 27. Bxf6 Rg8 28. Bxe5
Qh5 29. Bxf4 Qxe2 30. Rd2 Qg4 31. Bxc7 h5 32. Bd8 h4 33. c7 1-0

[Event "39 Open Sevilla 2014"]
[Site "Sevilla (SPAIN)"]
[Date "2014.01.16"]
[Round "7.3"]
[White "LILLO CASTANY, Victor"]
[Black "MATAMOROS FRANCO, Carlos S"]
[Result "0-1"]
[WhiteElo "2315"]
[BlackElo "2531"]
[Annotator "Montecatine,R"]
[PlyCount "78"]
[EventDate "2014.01.10"]

{Lillo tenía una posición equilibrada pero su eror en la 25 dio clara ventaja
al negro.} 1. e4 c6 2. Nc3 d5 3. Nf3 Bg4 4. h3 Bxf3 5. Qxf3 Nf6 6. Be2 e6 7.
O-O Bc5 8. d3 Nbd7 9. Bd2 Ne5 10. Qg3 Ng6 11. Rad1 h5 12. h4 Bd4 13. exd5 cxd5
14. Nb5 Be5 15. f4 Bb8 16. Qf2 Ne7 17. Nd4 Bc7 18. g3 Bb6 19. Be3 O-O 20. Kh1
g6 21. Rde1 Rc8 22. Bd1 Nc6 23. Qg1 Ne8 24. c3 Ng7 {Diagrama #} 25. Nf3 $2 (25.
Nxc6 bxc6 26. Bxb6 axb6 27. d4 $11) 25... Bxe3 (25... d4 26. Nxd4 Nxd4 27. Bxd4
Bxd4 28. Qxd4 Qxd4 29. cxd4 Nf5 $17) 26. Qxe3 d4 27. Nxd4 Nxd4 28. Qxd4 Qxd4
29. cxd4 Nf5 30. Kg2 Rfd8 31. Bf3 Nxd4 32. Bxb7 (32. Be4) 32... Rb8 33. Ba6
Rxb2+ 34. Rf2 Rdb8 35. Bc4 Rxf2+ 36. Kxf2 Rb2+ 37. Kf1 Nf5 38. Re5 Nxg3+ 39.
Ke1 Nf5 0-1

[Event "39 Open Sevilla 2014"]
[Site "Sevilla (SPAIN)"]
[Date "2014.01.16"]
[Round "7.7"]
[White "GONZALEZ GALVAN, Juan Manuel"]
[Black "MONTERO MELENDEZ, Rafael"]
[Result "1-0"]
[WhiteElo "2238"]
[BlackElo "2350"]
[Annotator "Montecatine,R"]
[PlyCount "119"]
[EventDate "2014.01.10"]

{El negro tenía dos alfiles por un peón. Galván entregó la calidad para
activar sus peones y la posición se volvió muy difícil de calcular con poco
tiempo. Un error en la jugada 45 parece ser el momento en el que el negro
pierde sus posibilidades. Poco después queda perdido} 1. e4 e5 2. Bc4 Nc6 3. d3
Bc5 4. Ne2 Nf6 5. O-O d5 6. exd5 Nxd5 7. Nbc3 Nb6 8. Bb5 O-O 9. Bxc6 bxc6 10.
Ne4 Be7 11. f4 f5 12. N4c3 Bc5+ 13. Kh1 exf4 14. Bxf4 Nd5 15. Qd2 Nxf4 16. Qxf4
Qd6 17. Na4 Qxf4 18. Rxf4 Bd6 19. Rc4 Be6 20. Rxc6 Bd5 21. Ra6 f4 22. Ng1 Rf5
23. Nc3 Bb7 24. Ra4 c5 (24... Rb8 25. Ne4 (25. Rxa7 f3 26. gxf3 (26. Nxf3 Bxf3
27. gxf3 Rh5 28. Ne4 Rxh2+ 29. Kg1 Bf4 30. Ra4 Rxc2 31. Nf6+ gxf6 32. Rxf4
Rbxb2 33. Rxf6 $11)) 25... Bxe4 (25... Bc6 26. Ra6 Bxe4 27. dxe4 Re5 28. b3 Bc5
29. Re1 Rbe8 30. Ra4 $14) 26. dxe4 Rc5 27. b3 Rxc2 28. Rxa7 Re8 29. Nf3 $14)
25. Ne4 Be7 26. Rf1 $14 a5 27. g4 (27. Ng3 $16) 27... Rff8 28. Nf3 Bc6 29. Rc4
Bd5 30. Rc3 Rab8 (30... c4 $5) 31. b3 Rbc8 (31... a4) 32. Kg1 c4 33. Rxc4 Bxc4
34. bxc4 Rb8 35. Nd4 Rb2 36. a4 Ra2 37. Rb1 Rxa4 38. Ne6 (38. Kg2) 38... Ra8 (
38... Re8 39. Nc7 $13 (39. Nxf4 Ra2 $16)) 39. Rb7 (39. Nxf4) 39... Bf8 40. c5
Rb4 (40... Re8 41. Nxf8 Rxf8 $17) 41. Rxb4 axb4 42. c6 Rc8 43. Nd4 h6 44. Kg2
Kf7 45. h4 {Diagrama #} Be7 $2 (45... g6 $17) 46. h5 $14 g5 47. hxg6+ Kxg6 48.
Kf3 Bd8 (48... Bf6 49. Nd6 Rc7 50. N6b5 Rc8 $11) 49. Nd6 Ra8 $18 (49... Rc7 50.
Kxf4 Re7 51. Kf3 $16) 50. Ne6 Be7 51. Nxf4+ Kh7 52. Nf5 Bd8 53. Nd5 Rc8 54. Nd4
Ba5 55. Ke4 Kg7 56. Ke5 Kf7 57. Kd6 Rd8+ 58. Kc5 Rg8 59. Nf5 Ke6 60. Nxh6 {
Ilegible} 1-0

[Event "39 Open Sevilla 2014"]
[Site "Sevilla (SPAIN)"]
[Date "2014.01.16"]
[Round "7.8"]
[White "CONGIU, Mathilde"]
[Black "MELERO FIDALGO, Juan De Dios"]
[Result "0-1"]
[WhiteElo "2226"]
[BlackElo "2245"]
[Annotator "Montecatine,R"]
[PlyCount "99"]
[EventDate "2014.01.10"]

{Se cortó la racha de Mathilde. Melero tomó la iniciativa y el blanco no vio
defensas mejores en las jugadas 26 y 30.} 1. e4 e5 2. Nf3 Nc6 3. Bc4 Nf6 4. d3
Be7 5. O-O O-O 6. Re1 d6 7. a4 a5 8. Nbd2 Nd7 9. c3 Bf6 10. Nf1 Nb6 11. Ne3
Nxc4 12. dxc4 Ne7 13. Nd5 Nxd5 14. cxd5 Be7 15. Nd2 Bg5 16. Nc4 Bxc1 17. Qxc1
Bd7 18. Qc2 Qe8 19. Ne3 g6 20. b3 b6 21. f3 f5 22. exf5 gxf5 23. Nf1 Qf7 24.
Rad1 f4 25. Qf2 Bf5 26. Re2 (26. c4) 26... Kh8 27. Qh4 Rab8 28. c4 Rbe8 29. Nd2
Bc2 {Diagrama #} 30. Rc1 (30. Ra1 Qg6 31. Qe1 Rf5 32. Ne4 Bxe4 33. Rxe4 Rg8 34.
Re2 Rh5 35. Kh1 Qh6 36. Qg1 Rgg5 37. b4 Rxh2+ 38. Qxh2 Rh5 39. Qxh5 Qxh5+ 40.
Kg1 Qe8 41. bxa5 bxa5 $15) 30... Qg6 31. Re4 Bxe4 32. Nxe4 Rf5 33. Rc2 Kg7 34.
Qf2 Rg8 35. Kf1 Rh5 36. h3 Kh8 37. Rb2 Qf5 38. Ke2 Rh6 39. Rb1 Qg6 40. Kf1 Qg7
41. Rb2 Qf7 42. Rd2 Qf5 43. Re2 Rhg6 44. Qh4 Qf8 45. Qe1 Qh6 46. Rf2 Qh4 47.
Qd1 Rxg2 48. Rxg2 Qxh3 49. Qc2 Qh1+ 50. Ke2 0-1

[Event "39 Open Sevilla 2014"]
[Site "Sevilla (SPAIN)"]
[Date "2014.01.16"]
[Round "7.10"]
[White "FERRER GARCIA, Isaac"]
[Black "SIMONIAN, Tigran"]
[Result "0-1"]
[WhiteElo "2144"]
[BlackElo "2412"]
[Annotator "Montecatine,R"]
[PlyCount "66"]
[EventDate "2014.01.10"]

{
Isaac se embarcó en una entrega incorrecta y su rival se defendió correctamente
} 1. e4 c5 2. Nf3 Nc6 3. d4 cxd4 4. Nxd4 e6 5. Nc3 Qc7 6. g3 a6 7. Bg2 Nf6 8.
O-O Be7 9. Be3 d6 10. f4 O-O 11. Nb3 b5 12. a3 Bb7 13. g4 Nd7 14. g5 Nc5 15.
Rf3 b4 16. axb4 Nxb4 17. Rh3 g6 {Diagrama #} 18. Qe1 $2 (18. Na5) 18... Nxc2
$17 19. Qh4 h5 20. Bf3 (20. Nxc5 dxc5 21. Bf3 Nxa1 22. Bxh5 Kg7 23. Bxg6 Rh8
24. Bh7 Kf8 $19) 20... Nxe3 $19 21. Bxh5 Kg7 22. Bxg6 Rh8 23. Bh7 Kf8 (23...
Ng4 $1 24. f5 (24. Qxg4 Nxb3) (24. Nxc5 Qxc5+ 25. Kf1 Qf2+ 26. Qxf2 Nxf2 27.
Kxf2 Rxh7 $19) 24... Nxe4 $19) 24. Nd4 $17 Qb6 25. Rxe3 Nb3 26. Nxe6+ fxe6 27.
Rae1 Ke8 28. f5 Nd4 29. Qh5+ Kd7 30. f6 (30. fxe6+ Kc7 31. Qf7 Rae8 32. Nd5+
Bxd5 33. exd5 Rhf8 $19) 30... Rag8 (30... Nc2) 31. fxe7 (31. Qf7 Re8 32. Kh1
Nc2) 31... Rxg5+ 32. Qxg5 Nf3+ 33. Kh1 Nxg5 0-1

[Event "39 Open Sevilla 2014"]
[Site "Sevilla (SPAIN)"]
[Date "2014.01.16"]
[Round "7.11"]
[White "POGORELOV, Ruslan"]
[Black "ROMERO SANCHEZ, Jesus"]
[Result "1/2-1/2"]
[WhiteElo "2377"]
[BlackElo "2121"]
[Annotator "Montecatine,R"]
[PlyCount "95"]
[EventDate "2014.01.10"]

{Jesús tuvo varias veces la partida ganada y le sucedió como en el fútbol, que
de tanto fallar las ocasiones le marcaron un perpetuo} 1. Nf3 d5 2. d4 Nf6 3.
c4 c6 4. Nc3 e6 5. e3 a6 6. Qc2 c5 7. cxd5 exd5 8. Be2 Be6 9. O-O Nc6 10. Rd1
cxd4 11. Nxd4 Nxd4 12. Rxd4 Bc5 13. Rd1 Qe7 14. Qa4+ Bd7 15. Qh4 h6 16. Qg3 Bd6
17. f4 O-O 18. Bf3 Bc6 19. Ne2 (19. Bxd5 Nxd5 20. Nxd5 Bxd5 21. Rxd5 Rfd8 22.
Qf3 Bc5 23. Re5 Qd6 $15) 19... Ne4 $15 20. Qe1 Bb4 21. Qf1 Rac8 22. Nd4 Rfd8
23. a3 Bc5 24. b4 Bb6 25. Qe1 Ba4 26. Rd3 Bc2 27. Nxc2 Rxc2 28. Bd1 Rf2 29. Bf3
Rc2 30. Rb1 d4 (30... Nf2 31. Rd2 Rxd2 32. Bxd2 Nd3 $17) 31. Qd1 (31. exd4 Rxd4
32. Rxd4 Bxd4+ 33. Be3 Re2 34. Qxe2 (34. Bxd4 Rxe1+ 35. Rxe1 Qd7 $17) 34... Nc3
$17) 31... Rc3 (31... Rdc8 $19 32. Rdb3 d3 33. Rxd3 Nf2) 32. Rb3 Rdc8 (32...
Rc4) 33. Rbxc3 Nxc3 34. Qe1 Nb5 (34... Na2 $17) 35. e4 (35. g3) 35... Rc3 36.
Qd1 Qc7 37. Bb2 (37. Rxc3 dxc3+ 38. Kf1 Qc4+ 39. Be2 Qxe4 $17) 37... Rc2 $17
38. Rd2 d3+ 39. Kh1 {Diagrama #} Qxf4 $2 (39... Rxd2 40. Qxd2 Qc2 41. Bc1 Qxd2
42. Bxd2 Nxa3 43. e5 Nc4 44. Bc3 d2 45. Bxd2 Nxd2 46. Bxb7 a5 $19) 40. Rxc2
dxc2 41. Qxc2 $15 Bc7 42. Kg1 Qxh2+ 43. Kf1 Bb6 $6 (43... g5) 44. Qc8+ Kh7 45.
Qf5+ Kg8 46. Qc8+ Kh7 47. Qf5+ Kg8 48. Qc8+ 1/2-1/2

[Event "39 Open Sevilla 2014"]
[Site "Sevilla (SPAIN)"]
[Date "2014.01.16"]
[Round "7.12"]
[White "DELGADO SERRANO, Angel"]
[Black "SGNAOLIN, Davide"]
[Result "0-1"]
[WhiteElo "2136"]
[BlackElo "2221"]
[Annotator "Montecatine,R"]
[PlyCount "48"]
[EventDate "2014.01.10"]

{El blanco jugó demasiado pasivo. 14.exf5 hubiera abierto la diagonal a su
alfil. 16.Af1 es como ir hacia atrás. Un error en la 22 evitó trabajo al negro.
} 1. Nf3 c5 2. g3 Nc6 3. Bg2 g6 4. O-O Bg7 5. d3 d6 6. e4 e5 7. c3 Nge7 8. a3
O-O 9. b4 a6 10. Bb2 b6 11. Nbd2 h6 12. Re1 Be6 13. Nc4 f5 {Diagrama #} 14.
Nfd2 (14. exf5 gxf5 15. bxc5 bxc5 16. Qe2) 14... f4 $15 15. Nb3 g5 16. Bf1 (16.
bxc5) 16... b5 17. Nca5 Qb6 18. Qd2 fxg3 19. hxg3 Rf7 20. Qe3 Nxa5 21. Nxa5
Raf8 22. Bg2 $2 (22. Be2) 22... Rxf2 $19 23. Bc1 g4 24. Kh2 R8f3 0-1

[Event "39 Open Sevilla 2014"]
[Site "Sevilla (SPAIN)"]
[Date "2014.01.16"]
[Round "7.13"]
[White "VAN HOOLANDT, Patrick"]
[Black "MACHLIK, Monika"]
[Result "1-0"]
[WhiteElo "2199"]
[BlackElo "1941"]
[Annotator "Montecatine,R"]
[PlyCount "91"]
[EventDate "2014.01.10"]

{En la jugada 24 Monika pudo conseguir ventaja entregando calidad. Al no
hacerlo quedó completamente perdida.} 1. e4 Nf6 2. e5 Nd5 3. d4 d6 4. c4 Nb6 5.
exd6 exd6 6. Nc3 Nc6 7. Be3 Be7 8. Nf3 O-O 9. b3 Bg4 10. h3 Bh5 11. Be2 Bf6 12.
O-O Re8 13. Qd2 Bg6 14. g4 Qd7 15. Ne1 a5 16. Rd1 a4 17. d5 Nb8 18. b4 h5 19.
Ng2 hxg4 20. hxg4 a3 21. Rfe1 Na6 22. Nb5 Re4 23. Nxa3 $2 (23. Bxb6 cxb6 24. g5
Bb2 25. f3 Ree8 $11) 23... Qa4 $17 24. f3 {Diagrama #} Ree8 $2 (24... Rxe3 25.
Qxe3 Nxb4 26. Nb5 Nc2 27. Qb3 Nxe1 28. Rxe1 Qxa2 29. Qxa2 Rxa2 $17) 25. Nb5 $16
Rad8 $1 (25... Qc2) 26. g5 $18 Be7 27. a3 Nd7 28. Rc1 Ne5 29. f4 Nxc4 30. Bxc4
c6 31. dxc6 d5 32. Bf1 bxc6 33. Nc3 Qxa3 34. Ra1 Qxb4 35. Bxa6 d4 36. Nd5 Qxd2
37. Nxe7+ Rxe7 38. Bxd2 Red7 39. Bc4 d3 40. Ra6 Rb8 41. Rxc6 Bh5 42. g6 Rd4 43.
Bxf7+ Kh8 44. Re3 Be2 45. Kf2 Rd5 46. Rxe2 1-0

[Event "39 Open Sevilla 2014"]
[Site "Sevilla (SPAIN)"]
[Date "2014.01.16"]
[Round "7.15"]
[White "DOMINGUEZ FERNANDEZ, Angel"]
[Black "URBINA PEREZ, Juan Antonio"]
[Result "0-1"]
[WhiteElo "2011"]
[BlackElo "2183"]
[Annotator "Montecatine,R"]
[PlyCount "90"]
[EventDate "2014.01.10"]

1. Nf3 {Tras 25.f4 y 26.g4 llega 26...f5 27.gxf5 exf5. Es decir, el blanco
pasa de una posición sólida a un queso gruyere (b4, d3, e3, g4). La entrega de
calidad no solucionó ese problema.} Nf6 2. c4 e6 3. g3 b6 4. Bg2 Bb7 5. O-O c5
6. b3 Be7 7. Bb2 O-O 8. e3 d5 9. Qe2 dxc4 10. bxc4 Nc6 11. Rd1 Qc7 12. Nc3 a6
13. d3 Rfd8 14. Rab1 Rab8 15. Ba1 Na5 16. a4 Ne8 17. h4 Bc6 18. Ng5 h6 19. Bxc6
Qxc6 20. Nh3 Qc7 21. Ne4 Nc6 22. Nf4 Bd6 23. Nh5 Be5 24. Bxe5 Qxe5 {Diagrama #}
25. f4 Qc7 26. g4 f5 27. gxf5 (27. Nc3 g6 28. Ng3 $15) 27... exf5 28. Nc3 Nb4
29. Rxb4 $6 cxb4 30. Nd5 Qf7 31. Nxb4 Rbc8 32. Rb1 Rd6 33. Nd5 Rg6+ 34. Kf2 Nc7
35. Nxb6 Rb8 36. a5 Rg4 37. Ng3 Rxh4 38. Rg1 Re8 39. Qf3 Kh8 40. Ne2 Qe7 41.
Rg2 Qc5 42. Nd4 Qxa5 43. Qb7 Qd2+ 44. Kf1 Rh1+ 45. Rg1 Qd1+ 0-1

[Event "39 Open Sevilla 2014"]
[Site "Sevilla (SPAIN)"]
[Date "2014.01.16"]
[Round "7.18"]
[White "PRETO, Daniel Filipe Rodri"]
[Black "SILVA LUCENA, Cristian"]
[Result "1-0"]
[WhiteElo "2004"]
[BlackElo "2126"]
[Annotator "Montecatine,R"]
[PlyCount "65"]
[EventDate "2014.01.10"]

{Un error en la 19 y la posición negra se derrumbó. La Dama no podía atender a
h3 y e7 a la vez} 1. c4 Nf6 2. Nc3 g6 3. g3 Bg7 4. Bg2 O-O 5. Nf3 d6 6. O-O Nc6
7. d4 a6 8. Bg5 h6 9. Bf4 Nh5 10. Be3 Rb8 11. Qd2 Kh7 12. Rac1 f5 13. d5 Ne5
14. Nxe5 dxe5 15. Ba7 Ra8 16. Bc5 f4 17. Ba3 Bf5 18. c5 Qd7 19. Rfd1 {
Diagrama #} Bh3 $2 (19... Rad8) 20. c6 bxc6 21. dxc6 Qc8 (21... Qf5 22. Bxh3
Qxh3 23. Bxe7 $16) 22. Bxe7 $18 Rf7 23. Bxh3 Qxh3 24. Qd7 Rf5 25. Ne4 Rb8 26.
Nf6+ Nxf6 27. Bxf6 Rg8 28. Bxe5 Qh5 29. Bxf4 Qxe2 30. Rd2 Qg4 31. Bxc7 h5 32.
Bd8 h4 33. c7 1-0

[Event "39 Open Sevilla 2014"]
[Site "Sevilla (SPAIN)"]
[Date "2014.01.16"]
[Round "7.19"]
[White "MENDEZ JUANES, Javier"]
[Black "DEL CAMPO GOMEZ, Jose Luis"]
[Result "0-1"]
[WhiteElo "1974"]
[BlackElo "2125"]
[Annotator "Montecatine,R"]
[PlyCount "106"]
[EventDate "2014.01.10"]

{La partida no se pierde por el eror en la 50 sino por no jugar 46.Aa3
buscándole las cosquillas a los peones negros del ala de dama. Entonces
hubiera sido el negro el que se trabajase el empate.} 1. d4 f5 2. f4 Nf6 3. Nf3
e6 4. e3 b6 5. Be2 Bb7 6. c4 Be7 7. O-O O-O 8. b3 Ne4 9. Bb2 d6 10. Nc3 Nxc3
11. Bxc3 Nd7 12. Qc2 Nf6 13. Rad1 Ne4 14. Bb2 Bf6 15. b4 a5 16. b5 Qe8 17. Bd3
h6 18. Nd2 Nxd2 19. Rxd2 g6 20. e4 Qf7 21. e5 dxe5 22. fxe5 Bg5 23. Re2 Rfe8
24. c5 Bd5 25. Bc4 Qd7 26. a4 Red8 27. Qb3 Rac8 28. g3 Be7 29. Bxd5 Qxd5 30.
Qxd5 Rxd5 31. c6 Kg7 32. Kg2 g5 33. h3 Kg6 34. Kf3 h5 35. Rh1 Rf8 36. Rf2 Rdd8
37. Ke3 Rf7 38. Rhf1 Rh7 39. Rg2 Bf8 40. Kf2 Bh6 41. Rh1 Rf7 42. Ke2 Rdf8 43.
Rf1 f4 44. gxf4 Rxf4 45. Rxf4 Rxf4 {Diagrama #} 46. Rf2 $2 (46. Ba3 $1 Bf8 (
46... Rxd4 47. Bd6 $1) 47. Bd6 (47. Bc5 Bxc5 48. dxc5 Rxa4 49. cxb6 cxb6 50.
Kd3 Ra3+ 51. Kd4 Ra4+ $11) 47... Bxd6 48. exd6 cxd6 49. Ke3 Rf8 50. Rf2 Re8 51.
Ke4 $11) 46... g4 47. Rg2 Kf5 48. hxg4+ hxg4 49. Bc3 Bg5 50. Bd2 $2 Rxd4 51.
Rf2+ Bf4 52. Bxf4 Rxf4 53. Rg2 Kxe5 0-1

[Event "39 Open Sevilla 2014"]
[Site "Sevilla (SPAIN)"]
[Date "2014.01.16"]
[Round "7.20"]
[White "ATAIDE MOLINA, Jose Maria"]
[Black "LOPEZ RODRIGUEZ, Fernando"]
[Result "0-1"]
[WhiteElo "1970"]
[BlackElo "2098"]
[Annotator "Montecatine,R"]
[PlyCount "74"]
[EventDate "2014.01.10"]

{Fernando pudo perder en la jugada 19 pero su rival no vio 19.Cg5 y luego
quedó perdido tras 22.Tec1 que entregaba b4} 1. c4 e6 2. g3 d5 3. Bg2 Nf6 4.
Nf3 Be7 5. b3 O-O 6. O-O c5 7. Bb2 Nc6 8. d3 d4 9. e3 e5 10. Re1 Nd7 11. exd4
cxd4 12. Na3 Re8 13. Nc2 a5 14. a3 f6 15. Rb1 Rb8 16. Ba1 Nf8 17. b4 axb4 18.
axb4 {Diagrama #} b5 $6 (18... Bg4) 19. Nd2 $6 (19. Ng5 fxg5 20. Bxc6 Nd7 21.
Bxb5 $16) 19... Qc7 20. Bd5+ Kh8 21. Qf3 Bd7 22. Rec1 (22. c5 $11) 22... bxc4
23. Bxc4 Nxb4 $17 24. Nxb4 Rxb4 25. Rxb4 Bxb4 26. Ne4 Be6 27. h4 Rc8 28. Bb2
Qe7 29. Qd1 Bxc4 30. dxc4 Ne6 31. Qa4 h6 32. f3 Qb7 33. Ba3 Bxa3 34. Qxa3 Rc6
35. Kf2 Ra6 36. Nc5 Nxc5 37. Qxc5 Qb2+ 0-1

[Event "39 Open Sevilla 2014"]
[Site "Sevilla (SPAIN)"]
[Date "2014.01.16"]
[Round "7.17"]
[White "MCMAHON, Daire"]
[Black "GIMENEZ ITURRALDE, Daniel"]
[Result "1/2-1/2"]
[WhiteElo "2157"]
[BlackElo "2004"]
[Annotator "Montecatine,R"]
[PlyCount "47"]
[EventDate "2014.01.10"]

{Vamonos a la 17. ?Tanta presión sobre d7 y no juega e4? Aun así, por un error,
el blanco queda mejor. Vamonos a la 21: un error blanco y de clara ventaja a
clara desventaja. Vamonos a la 24: el blanco, astutamente, pide tablas y el
negro, en lugar de ganar un peón, las acepta.} 1. d4 Nf6 2. c4 c5 3. e3 e6 4.
Nf3 Be7 5. Nc3 O-O 6. dxc5 Bxc5 7. Be2 b6 8. O-O Bb7 9. a3 d5 10. b4 Be7 11.
Bb2 Qc8 $6 (11... Nbd7) 12. cxd5 Nxd5 13. Rc1 $16 Qd8 14. Qb3 Nd7 15. Rfd1 Rc8
16. Bb5 Rc7 {Diagrama #} 17. Bxd7 $6 (17. e4 N5f6 18. Qa4 Qc8 19. Ne2 Rd8 20.
Rxc7 Qxc7 21. Rc1 Qb8 22. e5 Ng4 23. Bxd7 Bxf3 24. gxf3 Nxe5 25. Bxe5 Qxe5 26.
Qb5 $16) 17... Rxd7 $2 (17... Nxc3 18. Bxc3 Rxd7 $11) 18. Ne5 $16 Nxc3 19. Rxd7
Ne2+ 20. Kf1 Nxc1 21. Bxc1 $2 (21. Qc4 Bd5 22. Qxc1 Qe8 23. Qc7 Bf6 24. f3 $16)
21... Qc8 $17 22. Bb2 Bf6 23. Rd1 Rd8 (23... Bxe5 24. Bxe5 Qc6 $17) 24. Rc1 (
24. Rxd8+ Qxd8 25. f3 $15) (24. Rc1 Qb8 25. Ng4 Bxb2 26. Qxb2 h5 27. Ne5 f6 28.
Nc6 Bxc6 29. Rxc6 Qxh2 $17) 1/2-1/2

[Event "39 Open Sevilla 2014"]
[Site "Sevilla (SPAIN)"]
[Date "2014.01.17"]
[Round "8.1"]
[White "TUROV, Maxim"]
[Black "GONZALEZ GALVAN, Juan Manuel"]
[Result "1-0"]
[WhiteElo "2586"]
[BlackElo "2238"]
[Annotator "Montecatine,R"]
[PlyCount "71"]
[EventDate "2014.01.10"]

{El negro queda peor tras romper con 10...e5. Galván complica ingeniosamente
pero Turov exhibe buena técnica para mantener su ventaja} 1. d4 d5 2. c4 e6 3.
Nc3 c6 4. Qd3 f5 5. Nf3 Nf6 6. g3 Bd6 7. Bg2 O-O 8. O-O Qe8 9. Rb1 Nbd7 10. b4
e5 {intentando igualar por la vía rápida; las alternativas son} (10... b6 11.
c5 Bc7) (10... dxc4 11. Qxc4 Nb6 12. Qb3 Nbd5 {con equilibrio en ambos casos})
11. dxe5 Nxe5 12. Nxe5 Bxe5 13. cxd5 {
logicamente el negro calculó esto y esperaba igualar} Bxc3 14. dxc6 (14. Qxc3
Nxd5 15. Bxd5+ cxd5 $14 {
con posibilidades de empatar por los alfiles de distinto color}) 14... Ne4 {
Diagrama #} 15. f3 ({Turov evita ganar el peón en este final:} 15. Bxe4 Qxe4
16. Qxc3 Qxc6 17. Qxc6 bxc6) 15... Nxg3 16. hxg3 Qxc6 17. Be3 f4 {
parece más resistente} (17... Bf6 18. f4 Qa4 19. Bd5+ Kh8 20. Rfd1 $14) 18.
Rbc1 fxe3 19. Rxc3 Bf5 20. Qxe3 Rae8 21. Qd4 Qg6 22. e4 Be6 23. f4 $18 Rd8 (
23... Bxa2 24. Qxa7 $18) 24. Qxa7 Rd2 {
el negro intenta activarse como única forma de salvación} 25. f5 Qh6 (25... Qf6
26. Qe3 Rxa2 27. e5 (27. fxe6 $4 Rxg2+) 27... Qf7 28. Bh3 Bd5 29. Rc5 $18) 26.
Qe3 (26. Qb6) 26... Qxe3+ 27. Rxe3 Bxa2 28. Rf2 Rd1+ 29. Kh2 Bc4 30. e5 Rf7 31.
g4 h6 32. Kg3 Rb1 33. Rd2 Rxb4 34. e6 Rf8 35. Rd4 Rc8 36. e7 1-0